Manufacturing Planning and Estimating Handbook / A Comprehensive Work on the Techniques for Analysing the Methods of Manufacturing a Product and Estmating Its Manufacturing Cost (Record no. 1087)
[ view plain ]
| 000 -LEADER | |
|---|---|
| fixed length control field | 01292cam a22002054a 4500 |
| 005 - ΗΜΕΡΟΜΗΝΙΑ ΚΑΙ ΩΡΑ ΤΕΛΕΥΤΑΙΑΣ ΕΝΗΜΕΡΩΣΗΣ | |
| Πεδίο ελέγχου | 20250605163957.0 |
| 008 - FIXED-LENGTH DATA ELEMENTS--GENERAL INFORMATION | |
| Πεδίο ελέγχου σταθερού μήκους | 250528s ||||||||||||||||||||||||d |
| 035 ## - SYSTEM CONTROL NUMBER | |
| System control number | 15511 |
| 020 ## - ISBN | |
| ISBN | 6216761 |
| 040 ## - ΠΗΓΗ ΚΑΤΑΛΟΓΟΓΡΑΦΗΣΗΣ | |
| Φορέας πρωτότυπης καταλογογράφησης | MC Athens Campus Library |
| Γλώσσα καταλογογράφησης | Ελληνικά, Μοντέρνα (1453-) |
| Modifying agency | MC Athens Campus Library |
| Κανόνες περιγραφικής καταλογογράφησης | AACR2 |
| 245 1# - ΤΙΤΛΟΣ ΚΑΙ ΔΗΛΩΣΗ ΥΠΕΥΘΥΝΟΤΗΤΑΣ | |
| Τίτλος | Manufacturing Planning and Estimating Handbook / A Comprehensive Work on the Techniques for Analysing the Methods of Manufacturing a Product and Estmating Its Manufacturing Cost |
| 260 ## - PUBLICATION, DISTRIBUTION, ETC. | |
| Name of publisher, distributor, etc. | Mcgraw Hill Book Company, |
| Date of publication, distribution, etc. | 1963 |
| 505 0# - FORMATTED CONTENTS NOTE | |
| Formatted contents note | Preface, Manufacturing Analysis, Cost Estimating, Examples of Cost Estimates, Manufacturing Processing, Planning for Quality, Paperwork Systems, Methods Engineering, Planning for Tool Design, Plant Layout, Standards, Tolerance Charts, Linear Programming, Machine and Tookl Replacement Practices, Nomograms, Reference Tables. |
| 520 ## - SUMMARY, ETC. | |
| Summary, etc. | Preface, Manufacturing Analysis, Cost Estimating, Examples of Cost Estimates, Manufacturing Processing, Planning for Quality, Paperwork Systems, Methods Engineering, Planning for Tool Design, Plant Layout, Standards, Tolerance Charts, Linear Programming, Machine and Tookl Replacement Practices, Nomograms, Reference Tables. |
| 700 1# - ΠΡΟΣΘΕΤΗ ΑΝΑΓΡΑΦΗ--ΦΥΣΙΚΟ ΠΡΟΣΩΠΟ | |
| Personal name | Harvey Philip D |
| 9 (RLIN) | 1445 |
| 700 1# - ΠΡΟΣΘΕΤΗ ΑΝΑΓΡΑΦΗ--ΦΥΣΙΚΟ ΠΡΟΣΩΠΟ | |
| Personal name | Wilson Frank W |
| 9 (RLIN) | 1446 |
| 942 ## - ADDED ENTRY ELEMENTS (KOHA) | |
| Koha item type | Books |
| Τύπος τεκμηρίου | Βιβλιοθήκη | Τρέχουσα τοποθεσία | Barcode | Αριθμός εισαγωγής | Ημερομηνία απόκτησης | Ταξιθετικό σύμβολο | Αριθμός αντιτύπου | Κατάσταση απόσυρσης | Κατάσταση χαμένου | Κατάσταση κατεστραμμένου | Μη δανεισμός | Σύνολο δανεισμών | Ημερομηνία τελευταίας εμφάνισης | Η τιμή ισχύει από |
|---|---|---|---|---|---|---|---|---|---|---|---|---|---|---|
| Books | MC Athens Campus Library | MC Athens Campus Library | 9780000010865 | 1857 | 05/06/2025 | 658.5 WIL | 1 | 05/06/2025 | 05/06/2025 |